政令指定都市の東西南北端の駅 - Statistics

General Stats
  • This quiz has been taken 136 times
  • The average score is 17 of 80
Answer Stats
答え % Correct
藤野
39%
真駒内
39%
ほしみ
38%
南仙台
38%
西浦和
38%
指扇
36%
小島新田
35%
相模湖
35%
土気
33%
土気
33%
浦和美園
32%
幕張豊砂
32%
大川
32%
あいの里公園
32%
新蒲原
31%
泉中央
31%
京王稲田堤
31%
森林公園
30%
用宗
30%
幕張本郷
30%
はるひ野
29%
東岩槻
29%
ゆめが丘
28%
井川
25%
甲南山手
24%
奥新川
24%
夢洲
24%
たまプラーザ
24%
中野栄
23%
安善
23%
藤が丘
23%
四宮
23%
トロッコ保津峡
23%
西神中央
23%
相武台下
23%
舞阪
23%
道場
23%
東林間
22%
六浦
22%
折尾
21%
金城ふ頭
21%
21%
杉本町
20%
井高野
20%
南福岡
19%
小和田
19%
関門海峡めかり
18%
周船寺
18%
関門海峡めかり
18%
戸田
17%
水窪
16%
鶴見緑地
15%
黒山
14%
万富
14%
岩室
14%
岩室
14%
矢野
14%
黒山
14%
北野田
13%
閑蔵
13%
比良
13%
福渡
13%
光明池
12%
三苫
12%
光の森
11%
田原坂
11%
田原坂
11%
井原市
10%
桜並木
10%
富合
10%
井原市
10%
尾奈
9%
東垂水
9%
迫川
9%
呼野
9%
浜寺駅前
8%
多宝塔
8%
足守
7%
楽々園
7%
大和川
7%
No matching quizzes found
Score Distribution
Percent of People with Each Score
Percentile by Number Answered
Your Score History
You have not taken this quiz